[Event "Klatovy op-A"]
[Site "Klatovy"]
[Date "1999.??.??"]
[Round "7"]
[White "Simacek, Pavel"]
[Black "Volak, Michal"]
[Result "1-0"]
[WhiteElo "2380"]
[BlackElo "2180"]

1.e4 d6 2.d4 Nf6 3.Nc3 c6 4.f4 Qa5 5.Bd3 e5 6.Nf3 Bg4 7.Be3 Nbd7 8.h3 Bxf3
9.Qxf3 Be7 10.O-O O-O-O 11.Rab1 Kb8 12.b4 Qc7 13.b5 c5 14.b6 axb6 15.Nb5 Qc8
16.dxe5 Ne8 17.Bc4 dxe5 18.fxe5  1-0

[Event "EU-ch02 blind "]
[Site "Krynica"]
[Date "1999.??.??"]
[Round "4"]
[White "Debowska, Teresa"]
[Black "Mikhalev, Alexei"]
[Result "1-0"]
[WhiteElo "2100"]
[BlackElo "2260"]

1.e4 d6 2.d4 Nf6 3.Nc3 c6 4.f4 Qa5 5.Bd2 e5 6.fxe5 dxe5 7.Nd5 Qd8 8.Nxf6+ Qxf6
9.Nf3 exd4 10.Bc4 Be6 11.Bg5 Bb4+ 12.c3 dxc3 13.O-O c2 14.Qxc2 Qg6 15.Rad1 Nd7
16.Bxe6 Qxe6 17.a3 Bc5+ 18.Kh1 Bb6 19.e5 O-O 20.Rd6 Qe8 21.Qf5 Nc5 22.Rfd1 Ne6
23.Rd7 g6 24.Qh3 Qc8 25.Qh6 Bd8 26.Bf6 Bxf6 27.exf6 Kh8 28.Ng5  1-0

[Event "EU-ch02 blind "]
[Site "Krynica"]
[Date "1999.??.??"]
[Round "4"]
[White "Schmeisser, Andre"]
[Black "Mynzatu, Gherasim"]
[Result "1-0"]
[WhiteElo "1740"]
[BlackElo "1955"]

1.e4 Nf6 2.Nc3 d6 3.d4 c6 4.f4 e6 5.Nf3 a6 6.a4 d5 7.e5 Nfd7 8.Be3 c5 9.Qd2 Nc6
10.Be2 Qb6 11.O-O cxd4 12.Nxd4 Bc5 13.Rfd1 O-O 14.Kh1 Re8 15.Na2 f6 16.a5 Qc7
17.Nxe6 Rxe6 18.Qxd5 Bxe3 19.Qxe6+ Kf8 20.Bc4 Nd8 21.Qg8+ Ke7 22.Qxg7+ Ke8
23.exf6 Qxc4 24.Qe7+  1-0

[Event "Lisbon-ch"]
[Site "Lisbon"]
[Date "1999.??.??"]
[Round "8"]
[White "Santos, Antonio P"]
[Black "Fernando, Diego"]
[Result "0-1"]
[WhiteElo "2266"]
[BlackElo "2238"]

1.d4 d6 2.e4 Nf6 3.Nc3 c6 4.g3 Nbd7 5.Bg2 e5 6.Nge2 b5 7.O-O Be7 8.d5 Bb7
9.a3 O-O 10.h3 a5 11.Be3 Nb6 12.dxc6 Bxc6 13.Nd5 Nc4 14.Nxf6+ Bxf6 15.Bc1 Bg5
16.Bxg5 Qxg5 17.b3 Nd2 18.f4 exf4 19.Qxd2 Qc5+ 20.Kh2 fxg3+ 21.Nxg3 Rae8
22.Rae1 Qxa3 23.Nf5 Qb2 24.Qxd6 Rxe4 25.Qxc6 Qe5+ 26.Ng3 Rxe1 27.Rxe1 Qxe1
28.Qxb5 Qc3 29.Qc6 Qd2 30.c4 Rb8 31.Qc7 Qb4 32.Nf5 Qxb3 33.Nd6 Rf8 34.Nxf7 Qb8
35.Qxb8 Rxb8 36.Nd6 a4 37.Nb5 Kf8 38.Be4 g6 39.Kg2 Ke7 40.Kf2 Kf6 41.Ke2 Ke5
42.Bc2 Ra8 43.Na3 Kd4 44.Kd2 Rf8 45.Bxa4 Rf2+ 46.Kc1 Ra2 47.Nc2+ Kc3  0-1

[Event "Mancha Real-B 2nd"]
[Site "Mancha Real"]
[Date "1999.??.??"]
[Round "4"]
[White "Martos Exposito, Manuel"]
[Black "Castilla Ayllon, Juan"]
[Result "1-0"]
[WhiteElo "2115"]
[BlackElo "2010"]

1.e4 d6 2.d4 Nf6 3.Nc3 c6 4.f3 e5 5.Nge2 Be7 6.Be3 Nbd7 7.g4 h6 8.Qd2 b5
9.Ng3 g6 10.O-O-O a5 11.Bxh6 Nxg4 12.fxg4 Rxh6 13.Kb1 Rh4 14.d5 c5 15.Bxb5 Rxg4
16.Rhf1 Bg5 17.Qd3 Ke7 18.Rf2 Rf4 19.Rdf1 Nb6 20.Nce2 Rxf2 21.Rxf2 Bg4 22.h3 Bxe2
23.Nxe2 Qh8 24.Bc6 Ra7 25.Qf3 Qh7 26.Nc3 Nc4 27.Qg4 Bf4 28.h4 Qh8 29.Nb5 Ra6
30.b3 Nd2+ 31.Rxd2 Bxd2 32.Qd7+ Kf6 33.Nxd6 Qf8 34.Ne8+  1-0

[Event "Mancha Real-B 2nd"]
[Site "Mancha Real"]
[Date "1999.??.??"]
[Round "5"]
[White "Guerrero Alvarez, Rafael"]
[Black "Galego, Luis"]
[Result "0-1"]
[WhiteElo "2240"]
[BlackElo "2425"]

1.e4 d6 2.d4 Nf6 3.Nc3 c6 4.Nf3 Bg4 5.h3 Bxf3 6.Qxf3 e5 7.Be3 Nbd7 8.g4 h6
9.Qg3 Qa5 10.Bg2 Nb6 11.dxe5 dxe5 12.Rd1 Bb4 13.Bd2 Nc4 14.a3 Be7 15.Bc1 O-O
16.O-O Rfd8 17.Rd3 Rxd3 18.Qxd3 b5 19.Ne2 Rd8 20.Qc3 Qxc3 21.Nxc3 h5 22.g5 Nh7
23.h4 f6 24.gxf6 Bxf6 25.b3 Nb6 26.f4 exf4 27.Ne2 Nf8 28.Nxf4 g6 29.e5 Bxe5
30.Bxc6 Rc8 31.Be4 Kg7 32.Kh1 Nbd7 33.Rg1 Bxf4 34.Bxf4 Nf6 35.Bd3 Ng4 36.Kg2 Ne6
37.Bc1 a6 38.Re1 Rc6 39.Kg3 Nc5 40.Bb2+ Kf7 41.Bf1 Nh6 42.a4 Nf5+ 43.Kf2 bxa4
44.Bc4+ Ne6 45.Re4 axb3 46.Bxb3 Rb6 47.Bc3 Ke7 48.Ba5 Rc6 49.Ba4 Rc8 50.Bb3 Nd4
51.Bb4+ Kf6 52.Ba4 Nf5 53.Bd2 Nd6 54.Re2 Nc5 55.Bg5+ Kf5 56.Bb3 Nxb3 57.cxb3 Ne4+
58.Ke3 Nxg5 59.Rf2+ Kg4  0-1

[Event "Fide Mercenarios 40th"]
[Site "Mexico"]
[Date "1999.??.??"]
[Round "6"]
[White "Ibarra, Raul"]
[Black "Araiza Nieto, Victor Fernando"]
[Result "1-0"]
[WhiteElo "2000"]
[BlackElo "2000"]

1.e4 d6 2.d4 Nf6 3.Nc3 c6 4.Nf3 Bg4 5.h3 Bxf3 6.Qxf3 Nbd7 7.Be3 b5 8.g4 b4
9.Ne2 Nb6 10.Ng3 e6 11.g5 Nfd7 12.c3 d5 13.e5 Na4 14.Bd2 bxc3 15.bxc3 Rb8
16.Bd3 Ba3 17.Rb1 Nb2 18.Bc2 Nb6 19.Nh5 O-O 20.Nf6+ Kh8 21.Nxh7 g6 22.Nxf8 Qxf8
23.h4 N2c4 24.Be3 Be7 25.h5 Kg7 26.hxg6 fxg6 27.Qh3 Qh8 28.Qxh8+ Rxh8 29.Rxh8 Kxh8
30.Bxg6 Kg7 31.Be8 Nxe3 32.fxe3 Bxg5 33.Ke2 Nc4 34.Bxc6 Nxe3 35.Rg1 Kg6 36.Rxg5+ Kxg5
37.Kxe3  1-0

[Event "Montecatini Terme"]
[Site "Montecatini Terme"]
[Date "1999.??.??"]
[Round "1"]
[White "Turci, Stefano"]
[Black "Benvenuti, Carlo"]
[Result "1/2-1/2"]
[WhiteElo "2165"]
[BlackElo "2165"]

1.e4 d6 2.d4 Nf6 3.Nc3 c6 4.a4 a5 5.f4 Na6 6.Nf3 Nb4 7.Be2 d5 8.e5 Ne4 9.O-O Bf5
10.Ne1 h5 11.Nxe4 dxe4 12.c3 Nd5 13.Bxh5 e6 14.Bg4 Qh4 15.h3 Qg3 16.Nc2 Be7
17.Qe1 Qd3 18.Bxf5 exf5 19.Ne3 g6 20.Nxd5 cxd5 21.Be3 Rc8 22.Qd2 Qa6 23.Rfc1 O-O
24.Rc2 Rc6 25.Qe2 Qxe2 26.Rxe2 Rb8 27.Rc2 b5 28.axb5 Rxb5 29.Ra4 Rc4 30.Rxc4 dxc4
31.Rd2 Rd5 32.Rd1 Rb5 33.Rd2 Rd5 34.Kf1 Kf8 35.Ke2 Ke8 36.Kd1 a4 37.Kc2 Kd7
38.Rd1 Kc6 39.Bc1 Rd8 40.Be3  1/2-1/2

[Event "Fan Adams Int"]
[Site "New York "]
[Date "1999.??.??"]
[Round "4"]
[White "Kreiman, Boris"]
[Black "Burnett, Ronald"]
[Result "1-0"]
[WhiteElo "2470"]
[BlackElo "2420"]

1.e4 d6 2.d4 Nf6 3.Nc3 Nbd7 4.Nf3 e5 5.Bc4 Be7 6.O-O c6 7.a4 O-O 8.Ba2 Qc7
9.Re1 b6 10.Nh4 Re8 11.Nf5 Bf8 12.d5 c5 13.g4 h6 14.Bc4 a6 15.Be3 Nh7 16.h4 Qd8
17.Kg2 Ndf6 18.f3 h5 19.Be2 Ra7 20.Rh1 Kh8 21.Ng3 g6 22.Nb1 Be7 23.Nd2 Rg8
24.g5 Nd7 25.Nc4 f6 26.gxf6 Ndxf6 27.Qd2 Ne8 28.b4 Rb7 29.bxc5 bxc5 30.Na5 Rd7
31.Nc6 Qc7 32.Rab1 Bf6 33.Qa5 Rf7 34.Qxc7 Nxc7 35.Rb6 Nf8 36.Na5 Ne8 37.Bxa6 Nd7
38.Rc6 Nb8 39.Bxc8 Ra7 40.Rb6 Rxa5 41.Rxb8 Nc7 42.Rhb1 Rxa4 43.Be6 Nxe6 44.dxe6 Bxh4
45.Kh3 Bf6 46.Rxg8+ Kxg8 47.Rb8+ Kg7 48.Rb7+ Kg8 49.Rf7  1-0

[Event "RUS-ch sf"]
[Site "Novosibirsk"]
[Date "1999.??.??"]
[Round "4"]
[White "Nevostrujev, Vladimir"]
[Black "Vekshenkov, Nikolai"]
[Result "0-1"]
[WhiteElo "2466"]
[BlackElo "2384"]

1.e4 d6 2.d4 Nf6 3.Nc3 e5 4.Nf3 Nbd7 5.Bc4 Be7 6.O-O O-O 7.a4 c6 8.Re1 b6
9.dxe5 Nxe5 10.Be2 Nxf3+ 11.Bxf3 Nd7 12.Bf4 Ne5 13.Be2 a6 14.Bf1 Bb7 15.Ne2 Qc7
16.Nd4 g6 17.c4 a5 18.Ra3 Rfe8 19.Rg3 Bh4 20.Rh3 Bf6 21.Qd2 Rad8 22.Bg5 Qe7
23.Bxf6 Qxf6 24.Qh6 Qg7 25.Qh4 c5 26.Nb5 g5 27.Qh5 Re6 28.Rg3 Rg6 29.Nc3 h6
30.Qd1 Re8 31.Rge3 g4 32.Kh1 h5 33.Nd5 Bxd5 34.exd5 Rf6 35.Qd2 Qg5 36.R1e2 Re7
37.Re4 Qxd2 38.Rxd2 Kf8 39.Kg1 Ng6 40.Rde2 Rf4 41.Rxe7 Nxe7 42.Re3 Rd4 43.Rb3 Rd1
44.f4 Nf5 45.Kf2 h4 46.Be2 Rd2 47.Rd3 Rxb2 48.Ke1 g3 49.hxg3 Nxg3 50.Bf3 Rb4  0-1

[Event "GER-ch U14"]
[Site "Oberhof"]
[Date "1999.??.??"]
[Round "?"]
[White "Balcerak, Philipp"]
[Black "Gasthofer, Alexander"]
[Result "1/2-1/2"]
[WhiteElo "2035"]
[BlackElo "2200"]

1.e4 d6 2.d4 Nf6 3.Nc3 Nbd7 4.f4 e5 5.Nf3 exd4 6.Qxd4 c6 7.a4 d5 8.exd5 Bc5
9.Qd3 Qe7+ 10.Qe2 Qxe2+ 11.Bxe2 Nxd5 12.Nxd5 cxd5 13.Bd2 O-O 14.O-O-O Nf6
15.Kb1 Ne4 16.Be1 Rd8 17.Nd4 b6 18.Bh4 f6 19.Bf3 Bxd4 20.Rxd4 Bb7 21.c4 Nd6
22.Rxd5 Rab8 23.Rd3 Bxf3 24.Rxf3 Nxc4 25.Rc3 Rbc8 26.Rhc1 Nd2+ 27.Ka2 Rxc3
28.Rxc3 Rd7 29.Be1  1/2-1/2

[Event "Komercni Banka op"]
[Site "Pardubice"]
[Date "1999.??.??"]
[Round "2"]
[White "Virostko, Petr"]
[Black "Kodinets, Konstantin L"]
[Result "1/2-1/2"]
[WhiteElo "2253"]
[BlackElo "2410"]

1.e4 d6 2.d4 Nf6 3.Nc3 e5 4.dxe5 dxe5 5.Qxd8+ Kxd8 6.Bg5 Be6 7.O-O-O+ Nd7
8.Bb5 c6 9.Ba4 Kc7 10.f3 Nc5 11.Bb3 Nxb3+ 12.axb3 Nd7 13.Be3 b5 14.Nge2 a5
15.f4 f6 16.g3 a4 17.bxa4 b4 18.Nb1 Rxa4 19.f5 Bf7 20.g4 Nc5 21.Bxc5 Bxc5
22.b3 Be3+ 23.Kb2 Ra6 24.Rd3 Bh6 25.h4 Rha8 26.Nc1 Bf4 27.Rhd1 Be8 28.c4 c5
29.Nd2 Bc6 30.Re1 Ra1 31.Re2 R1a7 32.Kc2 Kb6 33.Rd6 Rd7 34.Rxd7 Bxd7 35.Nd3 Ra2+
36.Kb1 Rxd2 37.Nxf4 Rd1+ 38.Kc2 Rg1 39.Rg2  1/2-1/2

[Event "Komercni Banka op"]
[Site "Pardubice"]
[Date "1999.??.??"]
[Round "6"]
[White "Sabol, Marian"]
[Black "Kodinets, Konstantin L"]
[Result "1/2-1/2"]
[WhiteElo "2302"]
[BlackElo "2410"]

1.e4 d6 2.d4 Nf6 3.Nc3 e5 4.Nf3 exd4 5.Nxd4 Be7 6.Be2 O-O 7.O-O Re8 8.f4 Bf8
9.Bf3 Nbd7 10.Re1 Nc5 11.b4 Ne6 12.Nxe6 Bxe6 13.Bb2 c6 14.a3 Qb6+ 15.Kh1 a5
16.Na4 Qb5 17.Nc3 Qb6 18.Na4 Qb5  1/2-1/2

[Event "Komercni Banka op"]
[Site "Pardubice"]
[Date "1999.??.??"]
[Round "8"]
[White "Markgraf, Alexander"]
[Black "Kodinets, Konstantin L"]
[Result "0-1"]
[WhiteElo "2258"]
[BlackElo "2410"]

1.e4 d6 2.d4 Nf6 3.Nc3 e5 4.Nf3 exd4 5.Nxd4 Be7 6.Be3 Ng4 7.Bf4 O-O 8.f3 Ne5
9.Qd2 c6 10.O-O-O b5 11.g4 Qa5 12.Rg1 b4 13.Nb1 Rd8 14.a3 c5 15.axb4 cxb4
16.Be2 Nbc6 17.Nf5 Bf8 18.Bg5 f6 19.Be3 Be6 20.g5 d5 21.gxf6 g6 22.Ne7+ Nxe7
23.fxe7 Bxe7 24.Bg5 dxe4 25.Qf4 Rxd1+ 26.Kxd1 Rf8 27.Qxe4 Bxg5 28.Rxg5 Qd8+  0-1

[Event "Rakovnik op"]
[Site "Rakovnik"]
[Date "1999.??.??"]
[Round "?"]
[White "Koutecky, Vaclav"]
[Black "Neuman, Petr"]
[Result "0-1"]
[WhiteElo "1960"]
[BlackElo "2315"]

1.e4 d6 2.d4 Nf6 3.Nc3 e5 4.Nf3 Nbd7 5.Bc4 Be7 6.O-O O-O 7.Re1 c6 8.a4 Qc7
9.h3 b6 10.Bg5 Bb7 11.dxe5 dxe5 12.Qe2 a6 13.Nh4 Rfe8 14.Nf5 Bf8 15.Red1 b5
16.Bd3 h6 17.Bh4 g6 18.Ne3 Nh5 19.Ng4 Nc5 20.Qe3 Kh7 21.b3 Ne6 22.Ne2 Bg7
23.Ng3 Nxg3 24.Bxg3 h5 25.Nh2 Bh6 26.Qe1 Nf4 27.Nf3 Qe7 28.Qc3 f6 29.Qe1 Rad8
30.Bf1 Ne6 31.Rxd8 Rxd8 32.c3 Nc5 33.Qb1 Qe6 34.c4 b4 35.Qc2 a5 36.Be2 Rd6
37.Rd1 Rxd1+ 38.Bxd1 Qd6 39.Be2 Ne6 40.Qd1 Qxd1+ 41.Bxd1 c5 42.Bc2 g5 43.Ne1 g4
44.hxg4 Nd4 45.f3 Bd2 46.Bd1 Bxe1 47.Bxe1 hxg4 48.Kf2 Bc6 49.Ke3 gxf3 50.gxf3 Be8
51.Bg3 Bh5 52.Bh2 Kg7 53.Bg3 Kf7 54.Bf2 Ke6 55.Bh4 f5 56.Bd8 fxe4 57.Kxe4 Bg6+
58.Ke3 Bc2 59.Bxc2 Nxc2+ 60.Ke4 Nd4 61.Bc7 Nxb3 62.Bxe5 Nd2+ 63.Kf4 Nxc4  0-1

[Event "Rakovnik op"]
[Site "Rakovnik"]
[Date "1999.??.??"]
[Round "?"]
[White "Masek, Jan"]
[Black "Modrova, Hana"]
[Result "1-0"]
[WhiteElo "1995"]
[BlackElo "1935"]

1.e4 d6 2.d4 Nf6 3.Nc3 c6 4.f4 Qa5 5.Bd2 e5 6.Nf3 Bg4 7.Be2 Bxf3 8.Bxf3 exd4
9.Nd5 Qd8 10.Nxf6+ Qxf6 11.O-O g6 12.e5 Qg7 13.Re1 d5 14.e6 Bc5 15.b4 Bb6
16.exf7+ Kxf7 17.Bg4 Na6 18.Be6+ Kf8 19.f5 g5 20.Qh5 Bd8 21.h4 h6 22.b5 Nc5
23.Bxd5 Bf6 24.bxc6 d3 25.cxb7 Bd4+ 26.Kh1 Rb8 27.Bb4 Qf6 28.c3 Bf2 29.Rf1 a5
30.Ba3 Rxb7 31.Bxb7 Qxc3 32.Bxc5+ Qxc5 33.Rac1 Qb6 34.Rc8+ Kg7 35.Rxh8 Kxh8
36.Qe8+ Kg7 37.Qe7+ Kh8 38.f6  1-0

[Event "Rakovnik op"]
[Site "Rakovnik"]
[Date "1999.??.??"]
[Round "?"]
[White "Kohout, Josef"]
[Black "Modrova, Hana"]
[Result "1-0"]
[WhiteElo "2055"]
[BlackElo "1935"]

1.e4 d6 2.d4 Nf6 3.Nc3 c6 4.f4 Qa5 5.Bd3 e5 6.Nf3 Bg4 7.Be3 exf4 8.Bxf4 Nbd7
9.O-O Be7 10.h3 Bxf3 11.Qxf3 O-O-O 12.Rab1 g5 13.b4 Qb6 14.Be3 Rdg8 15.d5 Qc7
16.dxc6 Qxc6 17.Nb5 Kd8 18.Nxa7 Qc7 19.Nb5 Qc8 20.Rb3 g4 21.hxg4 Rxg4 22.Rc3 Qb8
23.Ba7 Qa8 24.Qe3 Rhg8 25.Bb6+ Nxb6 26.Qxb6+ Kd7 27.Rc7+ Ke8 28.Rxe7+  1-0

[Event "Rakovnik op"]
[Site "Rakovnik"]
[Date "1999.??.??"]
[Round "?"]
[White "Homola, Karel"]
[Black "Modrova, Hana"]
[Result "1/2-1/2"]
[WhiteElo "1840"]
[BlackElo "1935"]

1.e4 d6 2.d4 Nf6 3.Nc3 c6 4.e5 dxe5 5.dxe5 Qxd1+ 6.Nxd1 Nd5 7.c4 Nc7 8.Be3 Bf5
9.Nf3 e6 10.Bd4 Nba6 11.Bc3 Nb4 12.Ne3 O-O-O 13.Nd4 Bg6 14.a3 Nd3+ 15.Bxd3 Bxd3
16.O-O-O Bg6 17.h4 h5 18.Ne2 Bc5 19.Bd2 Bxe3 20.Bxe3 Bd3 21.Nf4 Bxc4 22.Bxa7 Nd5
23.Nxd5 Bxd5 24.f3 Bb3 25.Rxd8+ Rxd8 26.Bc5 Rd5 27.Bd6 Kd7 28.f4 Rd3 29.Bb4 Rg3
30.Rh3 Rxh3 31.gxh3 Bd5 32.Bf8 g6 33.Kd2 b6 34.Kc3 Kc7 35.Kb4 Kb7 36.Be7 Ka6
37.Bd8 c5+ 38.Kc3 Kb5 39.Bc7 Kc6 40.Bd8 Bg2 41.b4 Bxh3 42.a4  1/2-1/2

[Event "Recklinghausen op"]
[Site "Recklinghausen"]
[Date "1999.??.??"]
[Round "8"]
[White "Kummerow, Heiko"]
[Black "Reh, Philipp"]
[Result "1-0"]
[WhiteElo "2315"]
[BlackElo "2170"]

1.e4 d6 2.d4 Nf6 3.Nc3 e5 4.Nf3 Nbd7 5.g3 g6 6.Bg2 Bg7 7.O-O O-O 8.Re1 Re8
9.a4 exd4 10.Nxd4 Nc5 11.h3 Bd7 12.Kh2 Re7 13.Bg5 h6 14.Bxf6 Bxf6 15.Nd5 Re8
16.Nxf6+ Qxf6 17.Qd2 h5 18.a5 h4 19.g4 g5 20.b4 Qe5+ 21.f4 gxf4 22.Nf3 Nxe4
23.Nxe5 Nxd2 24.Nxd7 Rxe1 25.Nf6+ Kg7 26.Nh5+ Kh6 27.Rxe1 f3 28.Rd1 fxg2
29.Rxd2 Re8 30.Nf6 Re1 31.Kxg2 Kg5 32.Rf2 c6 33.Nh5 Re4 34.Rxf7 Rxb4 35.Rf5+ Kg6
36.Nf4+ Kg7 37.g5 Re4 38.Kf3 Re1 39.Kg4  1-0

[Event "Recklinghausen op"]
[Site "Recklinghausen"]
[Date "1999.??.??"]
[Round "9"]
[White "Wolter, Kai"]
[Black "Banik, Thorsten"]
[Result "1-0"]
[WhiteElo "2340"]
[BlackElo "2180"]

1.e4 d6 2.d4 Nf6 3.Nc3 e5 4.Nf3 Nbd7 5.Bc4 Be7 6.O-O O-O 7.Re1 a6 8.a4 c6
9.h3 Qc7 10.Qe2 h6 11.dxe5 dxe5 12.Nh4 Nc5 13.Ng6 Rd8 14.Nxe7+ Qxe7 15.Be3 Be6
16.a5 Rd7 17.Na4 Nxa4 18.Rxa4 Bxc4 19.Qxc4 Rad8 20.Raa1 Ne8 21.Bb6 Nc7 22.g3 Rd2
23.Be3 R2d7 24.c3 Qe6 25.Qxe6 fxe6 26.Bb6 Kf7 27.Kf1 Ke8 28.Be3 Nb5 29.f3 Rf7
30.Ke2 Rfd7 31.Red1 Rxd1 32.Rxd1 Rxd1 33.Kxd1 Nd6 34.b3 Kf7 35.Kc2 Kf6 36.c4 h5
37.h4 g6 38.Kc3 Nc8 39.Kb4 Ke7 40.Kc5 Kf7 41.Bd2 Kf6 42.Bc3 g5 43.hxg5+ Kxg5
44.Bxe5 h4 45.Bf4+ Kh5 46.gxh4 Kxh4 47.Kd4 Ne7 48.Bd6 Ng6 49.Kc5 e5 50.Kb6 Kg3
51.Kxb7 Kxf3 52.Kxa6 Kxe4 53.Kb7 Kd3 54.a6  1-0

[Event "RUS-ch U18 Girls"]
[Site "Rybinsk"]
[Date "1999.??.??"]
[Round "?"]
[White "Kosintseva, Tatiana"]
[Black "Tabrina, Anna"]
[Result "1-0"]
[WhiteElo "2177"]
[BlackElo "2091"]

1.e4 d6 2.d4 Nf6 3.Nc3 c6 4.f4 Qa5 5.Bd3 e5 6.Nf3 Bg4 7.Be3 Nbd7 8.O-O Be7
9.h3 Bxf3 10.Qxf3 O-O 11.Ne2 Rae8 12.c3 c5 13.dxe5 dxe5 14.f5 Rc8 15.g4 c4
16.Bc2 Bc5 17.Bxc5 Qxc5+ 18.Kh1 Ne8 19.Rad1 Nd6 20.Rd5 Qb6 21.Rfd1 Rc6 22.Ba4 Nxe4
23.Bxc6 Ndf6 24.Ba4 Nf2+ 25.Kg2 Nxd1 26.Rxd1 Qxb2 27.g5 e4 28.Qe3 Nh5 29.Rd7 Qa3
30.Bb5 a6 31.Bxc4 b5 32.Bb3 a5 33.Qxe4 Qc5 34.Qf3 g6 35.Rd5 Qe7 36.f6 Qa7
37.Re5 a4 38.Re7 Qc5 39.Qd5 Qxd5+  1-0

[Event "ITA-ch sf"]
[Site "Saint Vincent"]
[Date "1999.??.??"]
[Round "6"]
[White "Costantini, Roberto"]
[Black "Caposciutti, Maurizio"]
[Result "0-1"]
[WhiteElo "2158"]
[BlackElo "2273"]

1.e4 d6 2.d4 Nf6 3.Nc3 c6 4.f4 Qa5 5.Bd2 e5 6.Nd5 Qd8 7.Nxf6+ Qxf6 8.dxe5 dxe5
9.Nf3 Bg4 10.f5 Nd7 11.h3 Bxf3 12.Qxf3 Nc5 13.O-O-O O-O-O 14.b4 Na4 15.Bc4 Rxd2
16.Rxd2 Bxb4 17.Rd3 Nc5 18.Rdd1 b5 19.Bb3 a5 20.c3 Ba3+ 21.Kb1 Kc7 22.Qe3 Rb8
23.Ka1 Qe7 24.f6 gxf6 25.Rhf1 b4 26.Rxf6 bxc3 27.Rdf1 Rxb3 28.axb3 Bb2+ 29.Kb1 Kb6
30.Rxf7 Qe6 31.b4 axb4 32.R1f6 Qc4 33.Rxc6+ Kxc6 34.Qh6+ Kb5 35.Rf3 Qxe4+
36.Ka2 b3+  0-1

[Event "Pan American-ch (Women)"]
[Site "San Felipe"]
[Date "1999.??.??"]
[Round "7"]
[White "Fierro Baquero, Martha Lorena"]
[Black "Arribas, Maritza"]
[Result "0-1"]
[WhiteElo "2242"]
[BlackElo "2322"]

1.e4 d6 2.d4 Nf6 3.Nc3 Nbd7 4.f4 e6 5.Nf3 Be7 6.Bd3 c5 7.e5 Nd5 8.Nxd5 exd5
9.e6 fxe6 10.Ng5 Nf6 11.Nxh7 Nxh7 12.Qh5+ Kd7 13.Bxh7 cxd4 14.Bd2 Kc7 15.O-O-O Bd7
16.Qg6 Bf6 17.g4 Qe8 18.g5 Qxg6 19.Bxg6 Be7 20.Rde1 Rh4 21.Bf7 e5 22.Bxd5 Rah8
23.fxe5 dxe5 24.Rxe5 Bd6 25.Re4 Rxe4 26.Bxe4 Rxh2 27.Rxh2 Bxh2 28.c3 Be5
29.cxd4 Bxd4 30.Bf4+ Kb6 31.Kc2 Bc6 32.Bxc6 Kxc6 33.b3 Kd5 34.Kd3 a6 35.Bg3 Be5
36.Bf2 g6 37.Be3 Bd6 38.Bf2 Bf4 39.Bh4 Ke5 40.Kc4 Kf5 41.a4 Bxg5 42.Bf2 Be7
43.b4 Bg5 44.b5 Ke4  0-1

[Event "Itau Mercosul Cup 3rd"]
[Site "Sao Paulo"]
[Date "1999.??.??"]
[Round "8"]
[White "Matsuura, Everaldo"]
[Black "Camara, Helder"]
[Result "1-0"]
[WhiteElo "2408"]
[BlackElo "2345"]

1.e4 d6 2.d4 Nf6 3.Nc3 c6 4.f4 Qa5 5.Bd3 e5 6.Nf3 Bg4 7.Be3 Nbd7 8.O-O Be7
9.h3 Bxf3 10.Qxf3 h5 11.a3 O-O-O 12.b4 Qc7 13.Rab1 Kb8 14.b5 c5 15.b6 Nxb6
16.Nb5 Qd7 17.fxe5 Ne8 18.exd6  1-0

[Event "Staufer-Open 11th"]
[Site "Schwaebisch Gmuend"]
[Date "1999.??.??"]
[Round "7"]
[White "Jonkman, Harmen"]
[Black "Pribyl, Josef"]
[Result "1-0"]
[WhiteElo "2310"]
[BlackElo "2430"]

1.e4 d6 2.d4 Nf6 3.Nc3 e5 4.Nf3 Nbd7 5.g3 c6 6.Bg2 b5 7.O-O Be7 8.a3 O-O
9.h3 Bb7 10.Bg5 a5 11.Re1 Re8 12.Nh4 g6 13.Bh6 b4 14.Na4 exd4 15.Qxd4 c5
16.Qd2 Bf8 17.Bxf8 Nxf8 18.e5 Bxg2 19.Nxg2 Rxe5 20.Rxe5 dxe5 21.Qxd8 Rxd8
22.Nxc5 bxa3 23.Rxa3 Rd1+ 24.Kh2 Rd2 25.Ne3 Rxf2+ 26.Kg1 Re2 27.Kf1 Rh2 28.Rxa5 Nh5
29.Ne4 Ne6 30.Rxe5 Nd4 31.g4 Nf4 32.g5 Kg7 33.Ng4 Rxc2 34.Re8 Nde6 35.Nef6 Nf8
36.h4 Rxb2 37.Re7 Nh5 38.Nh6 Kh8 39.Nxf7+ Kg7 40.Nh6+ Kh8 41.Nf7+ Kg7 42.Ne5+ Kh8
43.Ned7 Nxf6 44.Nxf6 h6 45.gxh6  1-0

[Event "Sportland-NRW-Cup"]
[Site "Senden"]
[Date "1999.??.??"]
[Round "9"]
[White "Felczer, Kevin"]
[Black "Moehring, Guenther"]
[Result "0-1"]
[WhiteElo "2195"]
[BlackElo "2295"]

1.e4 d6 2.d4 Nf6 3.Nc3 Nbd7 4.Nf3 e5 5.Bc4 Be7 6.Ng5 O-O 7.Bxf7+ Rxf7 8.Ne6 Qe8
9.Nxc7 Qd8 10.Nxa8 b5 11.f3 Ba6 12.dxe5 Nxe5 13.Nd5 Nxd5 14.Qxd5 Bh4+ 15.Kd1 Bb7
16.Qxb5 Bxa8 17.c4 Qc8 18.b3 Bxe4 19.fxe4 Qg4+ 20.Kc2 Qxe4+ 21.Kc3 Bf6 22.Bg5 Bxg5
23.Rad1 Bf6 24.Rxd6 Nc6+ 25.Rxf6 Qd4+ 26.Kc2 Qxf6 27.Qc5 Nd4+ 28.Kb1 Qg6+
29.Ka1 Qd3 30.Qd5 h6 31.h4 Nc2+ 32.Kb2 Qxd5 33.cxd5 Ne3 34.d6 Rd7  0-1

[Event "RUS-ch U16"]
[Site "Serpukhov"]
[Date "1999.??.??"]
[Round "6"]
[White "Alekseev, Evgeny"]
[Black "Maslak, Konstantin"]
[Result "1/2-1/2"]
[WhiteElo "2300"]
[BlackElo "2254"]

1.d4 d6 2.e4 Nf6 3.Nc3 c6 4.f4 Qa5 5.e5 Nd5 6.Bd2 Qb6 7.Bc1 Qa5 8.Qd2 Bf5
9.Bd3 Bxd3 10.Qxd3 Nxc3 11.bxc3 e6 12.Nf3 Qa6 13.Rb1 Qxd3 14.cxd3 b6 15.Ba3 d5
16.Bxf8 Kxf8 17.Kd2 h5 18.g3 Ke7 19.h3 Nd7 20.g4 hxg4 21.hxg4 g6 22.Rbf1 Rag8
23.Ng5 b5 24.Ke3 a6 25.Ke2 Rb8 26.a3 Rbc8 27.Ke3 Rb8 28.Rhg1 Rbg8 29.f5 gxf5
30.gxf5 exf5 31.Rxf5 f6 32.exf6+ Nxf6 33.Rgf1 Rg6 34.Kd2 Rh5 35.Re5+ Kd7
36.Nf3 Rg2+ 37.Kc1 Rxe5 38.Nxe5+ Ke6 39.Nxc6 Ng4 40.Re1+ Kd6 41.Ne5 a5 42.Kb1 Nf6
43.Rh1 a4 44.Rh6 Rg1+ 45.Kc2 Rg2+ 46.Kc1 Ke6 47.Rg6 Ra2 48.Ng4 Kf5 49.Rxf6+ Kxg4
50.Rd6 Kf3 51.Rxd5 Ke3 52.Rxb5 Kxd3 53.Kb1 Rh2 54.d5 Kxc3 55.d6 Rd2  1/2-1/2

[Event "St Lorrain Masters-B"]
[Site "St Lorrain"]
[Date "1999.??.??"]
[Round "?"]
[White "Guido, Flavio"]
[Black "Toulzac, Pierre Yves"]
[Result "1/2-1/2"]
[WhiteElo "2365"]
[BlackElo "2265"]

1.e4 d6 2.d4 Nf6 3.Nc3 c6 4.f4 Qa5 5.Bd3 e5 6.Nf3 Bg4 7.Be3 Nbd7 8.O-O Be7
9.h3 Bh5 10.Qe1 Bxf3 11.Rxf3 O-O 12.a3 Qc7 13.Kh1 Rfe8 14.Qf2 a6 15.Re1 b5
16.g4 exd4 17.Bxd4 c5 18.Be3 b4 19.axb4 cxb4 20.Ne2 Nc5 21.Ng3 d5 22.exd5 Nxd3
23.cxd3 Nxd5 24.Ne4 Nxe3 25.Rfxe3 Qc6 26.Qf3 Kf8 27.Kg2 a5  1/2-1/2

[Event "White Nights op"]
[Site "St Petersburg"]
[Date "1999.??.??"]
[Round "4"]
[White "Kulicov, Oleg Anatolie"]
[Black "Novitzkij, Dmitrij"]
[Result "1/2-1/2"]
[WhiteElo "2475"]
[BlackElo "2290"]

1.d4 Nf6 2.Nc3 d6 3.e4 Nbd7 4.f4 e5 5.Nf3 exd4 6.Qxd4 g6 7.e5 dxe5 8.fxe5 Bc5
9.Qa4 Nh5 10.Bh6 Bf8 11.Bg5 Be7 12.Bxe7 Qxe7 13.g4 Ng7 14.Nd5 Qc5 15.Nf6+ Ke7
16.O-O-O Qe3+ 17.Rd2 Nxf6 18.exf6+ Kxf6 19.g5+ Ke7 20.Bc4 Ne6 21.Bxe6 fxe6
22.Qc4 c6 23.Re1 Qxf3 24.Qc5+ Ke8 25.Qe5 Rf8 26.Qc7 Qf4 27.Re5 Rf5 28.Qd8+ Kf7
29.Rxf5+ gxf5 30.Qf6+ Kg8 31.Qd8+ Kg7 32.Qf6+  1/2-1/2

[Event "White Nights op"]
[Site "St Petersburg"]
[Date "1999.??.??"]
[Round "6"]
[White "Orlov, Vassily"]
[Black "Andreev, Viktor"]
[Result "1-0"]
[WhiteElo "2429"]
[BlackElo "2220"]

1.e4 d6 2.d4 Nf6 3.Nc3 c6 4.f4 Qa5 5.Bd3 e5 6.Nf3 Bg4 7.Be3 Nbd7 8.O-O exf4
9.Bxf4 Qb6 10.Ne2 Bxf3 11.Rxf3 Ne5 12.Rf1 Nh5 13.Bc1 g6 14.Kh1 Nxd3 15.Qxd3 Qc7
16.Be3 Bg7 17.Rf3 O-O 18.Raf1 Qd7 19.h3 d5 20.g4 dxe4 21.Qxe4 f5 22.gxf5 Rae8
23.Qg4 Rxf5 24.Rxf5 gxf5 25.Qxh5 Rxe3 26.c3 Qd5+ 27.Kg1 Qe4 28.Rf2 Qb1+ 29.Kh2 Qxa2
30.Ng3 Qb1 31.Nxf5 Re1 32.Ng3 Qg6 33.Qf3 Re8 34.Nf5 Bf6 35.Rg2 Bg5 36.h4 h6
37.Nxh6+  1-0

[Event "White Nights op"]
[Site "St Petersburg"]
[Date "1999.??.??"]
[Round "9"]
[White "Fedorov, Alexei"]
[Black "Bondarenko, Vladimir"]
[Result "1/2-1/2"]
[WhiteElo "2648"]
[BlackElo "2325"]

1.e4 d6 2.d4 Nf6 3.Nc3 Nbd7 4.Be3 c6 5.a4 e5 6.Bc4 Qa5 7.f3 d5 8.exd5 Bb4
9.Ne2 Nb6 10.Bb3 Nbxd5 11.Bd2 Ne7 12.dxe5 Qxe5 13.O-O O-O 14.Ne4 Bxd2 15.Nxf6+ Qxf6
16.Qxd2 Bf5 17.Qc3 Qxc3 18.Nxc3 Rad8 19.Rad1 Ng6 20.Rxd8 Rxd8 21.Rd1 Rxd1+
22.Nxd1 Kf8 23.Ne3  1/2-1/2

[Event "SVK-chT 9899"]
[Site "SVK"]
[Date "1999.??.??"]
[Round "6"]
[White "Zavarsky, Juraj"]
[Black "Krajnak, Martin"]
[Result "1-0"]
[WhiteElo "2215"]
[BlackElo "2295"]

1.e4 d6 2.d4 Nf6 3.Nc3 c6 4.g3 Qa5 5.Bg2 e5 6.Ne2 Be7 7.h3 Be6 8.Be3 Bc4
9.Qd2 Nbd7 10.d5 cxd5 11.exd5 Rc8 12.O-O O-O 13.Rfd1 Qc7 14.Rac1 Qb8 15.b3 Ba6
16.a4 b6 17.g4 Bxe2 18.Nxe2 Ne8 19.Ng3 g6 20.Bh6 Ng7 21.Ne4 Nc5 22.Ng3 a5
23.f4 Bh4 24.Ne2 f6 25.Rf1 Rce8 26.f5 g5 27.Nc3 Bg3 28.Ne2 Bf4 29.Nxf4 exf4
30.Rfe1 Qd8 31.Re6 Ncxe6 32.dxe6 Qe7 33.c4 Rc8 34.h4 Rfd8 35.hxg5 fxg5 36.Qd4 Ne8
37.Bd5 Rc5 38.Bxg5 Rxd5 39.Bxe7 Rxd4 40.Bxd8 Kg7 41.Bxb6 Rd3 42.Bxa5 Rxb3
43.Bc3+ Kf8 44.f6 Nc7 45.e7+ Kf7 46.Kf2 Ne6 47.Re1 Nc7 48.Bd2 f3 49.Bf4 Ne8
50.g5 h6 51.Ra1 hxg5 52.Bxg5 Rb8 53.a5 Ra8 54.a6 Nc7 55.a7 Ne6 56.Be3 Nc7
57.Bb6 Ne8 58.Bd4 Nc7 59.Kxf3 Ne6 60.Ke3 Nc7 61.Rg1 Ne6 62.Ra1 Nc7 63.Rb1 Rh8
64.Rb8 Re8 65.Ke4 Na8 66.Kd5 Nc7+ 67.Kxd6 Na8 68.Kc6  1-0